000 00550nam a2200217Ia 4500
003 OSt
005 20221007082933.0
006 a|||||r|||| 00| 0
007 ta
008 221006b |||||||| |||| 00| 0 eng d
024 _a41,537
037 _cDissertations
040 _aFLL
_cFLL
_beng
041 _2eng
_aeng
100 _aJhamb Kajal
_9699863
245 0 _aJuvenile committing serious offence
_b a child or an adult?
260 _c2014
300 _ad.p.
_ccm.
942 _cDIS
_2CC
999 _c1168234
_d1168234